| 000 | 00502nam a22001697a 4500 | ||
|---|---|---|---|
| 003 | OSt | ||
| 005 | 20251126170348.0 | ||
| 008 | 251126b |||||||| |||| 00| 0 eng d | ||
| 040 |
_aDWCL-Main lib _cOC |
||
| 082 | _aFil. 657.3 Ac172p 2005 | ||
| 110 | _aAccounting Standards Council | ||
| 245 |
_aPhilippine Accounting Standards (PAS) volume 4/ _cAccounting Standards Council |
||
| 260 |
_aManila : _bPICPA, _cc2005 |
||
| 300 |
_a41 p. ; _c25 cm. |
||
| 650 | _aAccounting. | ||
| 942 |
_2ddc _cBK - FIL _kFil. _n0 |
||
| 999 |
_c6416 _d6416 |
||